000 00487nam a2200169Ia 4500
003 LK-CoDNM
008 010623t2010 xxu||||| |||| 00| 1 sin d
040 _aLK-CoDNM
_dLK-CoDNM
_eLK-CoDNM
041 _asin
080 _a133.52 RAT
100 _aRatuvithana,Piyasena
245 _aජෝතිෂ්‍ය සිද්ධාන්ත සහ ගැටළු
246 _aJotisha Seddhantha saha Gatalu
260 _bAuthor
_aPiliyandala
_c2010
300 _b191, 21 cm
942 _cBK
999 _c129839
_d129839